[Event "HMC Calder Cup TB 2014"]
[Site "Rosmalen NED"]
[Date "2014.06.28"]
[Round "1.1"]
[White "Landa, Konstantin"]
[Black "Fridman, Daniel"]
[Result "1-0"]
[WhiteTitle "GM"]
[BlackTitle "GM"]
[WhiteElo "2662"]
[BlackElo "2627"]
[WhiteFideId "4101685"]
[BlackFideId "11600454"]
[EventDate "2014.06.28"]

1. d4 d5 2. c4 e6 3. Nf3 c6 4. Qc2 Nf6 5. Bf4 Bd6 6. e3 O-O 7. Nbd2 Bxf4 8. exf4
Qd6 9. g3 b6 10. Bg2 Bb7 11. O-O Nbd7 12. Rfd1 Rfd8 13. Ne5 Rac8 14. Rac1 Qb8
15. Nxd7 Nxd7 16. c5 bxc5 17. dxc5 e5 18. fxe5 Nxe5 19. Nb3 Re8 20. Nd4 Qc7 21.
Qc3 a5 22. Nf5 f6 23. Nd6 Red8 24. f4 Rxd6 25. cxd6 Qb6+ 26. Qc5 Nd7 27. Qxb6
Nxb6 28. Re1 Rd8 29. Re7 Ba8 30. Rce1 Kf8 31. Bh3 c5 32. d7 Bc6 33. R7e6 Bxd7
34. Rd6 d4 35. Kf2 a4 36. Be6 Bxe6 37. Rxd8+ Ke7 38. Rb8 Nd7 39. Ra8 f5 40. Ra6
Nf8 41. Rxa4 c4 42. Rxc4 1-0

[Event "HMC Calder Cup TB 2014"]
[Site "Rosmalen NED"]
[Date "2014.06.28"]
[Round "2.1"]
[White "Fridman, Daniel"]
[Black "Landa, Konstantin"]
[Result "0-1"]
[WhiteTitle "GM"]
[BlackTitle "GM"]
[WhiteElo "2627"]
[BlackElo "2662"]
[WhiteFideId "11600454"]
[BlackFideId "4101685"]
[EventDate "2014.06.28"]

1. d4 d5 2. c4 dxc4 3. Nc3 a6 4. a4 Nc6 5. Nf3 Nf6 6. Bg5 h6 7. Bh4 Bg4 8. e3
Na5 9. h3 Bxf3 10. Qxf3 e6 11. g4 Be7 12. Rd1 c6 13. Bg2 Nd5 14. Bxe7 Qxe7 15.
O-O O-O 16. e4 Nxc3 17. Qxc3 b6 18. f4 Rad8 19. f5 f6 20. Kh1 e5 21. dxe5 Qxe5
22. Qb4 Qc7 23. Rde1 c5 24. Qc3 Qe5 25. Qxe5 fxe5 26. Rf2 Nb3 27. h4 b5 28. axb5
axb5 29. g5 hxg5 30. hxg5 Kf7 31. Bf3 Rh8+ 32. Kg2 Rh4 33. Kg3 Rdh8 34. Bg2 R4h5
35. g6+ Kf6 36. Rf3 b4 37. Kf2 Rd8 38. Bf1 Rh2+ 39. Kg1 Rxb2 0-1